10 stati con maggiore esportazione di armi - Statistics

Statistiche generali
  • Questo quiz è stato fatto 97 volte
  • Il punteggio medio è 9 su 10
Statistiche sulle risposte
Hint Risposta % Corretto
38.6% Stati Uniti
100%
18.6% Russia
99%
3.1% Italia
98%
10.7% Francia
95%
4.5% Germania
95%
4.6% Cina
93%
2.5% Spagna
90%
2.9% Regno Unito
88%
2.8% Corea del Sud
59%
2.4% Israele
41%
Nessun quiz corrispondente trovato
Distribuzione punteggi
Percentuale di utenti per punteggio
Percentile per numero di risposta
I tuoi punteggi nel tempo
Non hai fatto questo quiz